El Finançament de la Generalitat de Catalunya : 1980-1991 : una comparació entre les comunitats autònomes / Jaume Vilalta i Vilella, Montserrat Bassols i Santamaria, Susanna Bonastre i Soler 1980-1991 :
Publicado:
Barcelona :
Generalitat de Catalunya, Departament d'Economia i Finances, Direcció General de Programació Econòmica ,
1994
Descripción Física:
118 p. : amb gràfics ; 26 cm
MARC
| LEADER | 00000nam a2200000Ia 4500 | ||
|---|---|---|---|
| 001 | 10635 | ||
| 008 | 160829s1994 xx 000 0 cat d | ||
| 080 | |a M-1-223 | ||
| 100 | |a Vilalta i Vilella, Jaume |9 35268 | ||
| 245 | |a El Finançament de la Generalitat de Catalunya : |b 1980-1991 : |b una comparació entre les comunitats autònomes / Jaume Vilalta i Vilella, Montserrat Bassols i Santamaria, Susanna Bonastre i Soler | ||
| 260 | |a Barcelona : |b Generalitat de Catalunya, Departament d'Economia i Finances, Direcció General de Programació Econòmica, |c 1994 | ||
| 300 | |a 118 p. : |b amb gràfics ; |c 26 cm | ||
| 650 | |a Finances públiques |x Catalunya |x 1980/1991 |9 35269 | ||
| 650 | 0 | |a Finances autonòmiques |9 23147 | |
| 700 | |a Bassols i Santamaria, Montserrat |9 35270 | ||
| 700 | |a Bonastre i Soler, Susanna |9 35271 | ||
| 901 | |a Arxiu | ||
| 942 | |n 1 | ||
| 952 | |0 0 |1 0 |4 0 |6 M1223 |7 1 |9 46838 |a Arxiu |b Arxiu |d 2016-12-01 |l 0 |o M-1-223 |p 10635 |r 2016-12-01 00:00:00 |w 2016-12-01 |y ARXIU | ||
| 999 | |c 50631 |d 50631 | ||